| 000 | 00638nam a2200205 4500 | ||
|---|---|---|---|
| 001 | 145399 | ||
| 003 | ES-MaACL | ||
| 005 | 20250823110841.0 | ||
| 007 | t| | ||
| 008 | 070214s1986 sp r ||||1| spa d | ||
| 100 | 1 |
_aSorozábal, Pablo. _9107422 |
|
| 245 | 1 | 0 |
_aMi vida y mi obra / _cPablo Sorozábal. |
| 260 |
_aMadrid : _bFundación Banco Exterior, _c1986. |
||
| 300 |
_a363 p. : _bil. ; _c20 cm. |
||
| 490 | 1 | _aMemorias de la Música española | |
| 710 | 2 |
_aFundación Banco Exterior. _94226 |
|
| 830 | 0 | 0 |
_aMemorias de la música española _9231746 |
| 852 |
_aES-MaACL _jL-11697 _bR.112889 |
||
| 999 |
_c145399 _d145399 |
||